Riconosci lo Stato - Quiz n°90 - Statistics

Statistiche generali
  • Questo quiz è stato fatto 80 volte
  • Il punteggio medio è 10 su 13
Statistiche sulle risposte
Indizio Risposta % Corretto
Valuta Tenge
93%
Iniziale della Capitale A
91%
Popolazione 19 082 467 ab.
82%
Presidente della Repubblica Qasym-Jomart Toqaev
81%
Fuso Orario UTC+5
81%
Superficie 2 724 902 km²
78%
Primo ministro Olzhas Bektenov
74%
Indipendenza dall'URSS 16 dicembre 1991 (dichiarata) 25 dicembre 1991 (riconosciuta)
71%
Forma di Governo Repubblica semipresidenziale
71%
ISU 0,811
68%
Tasso di crescita 1,235%
66%
PIL (nominale) 197 112 milioni di $
66%
Risposta Kazakistan
63%
Nessun quiz corrispondente trovato
Distribuzione punteggi
Percentuale di utenti per punteggio
Percentile per numero di risposta
I tuoi punteggi nel tempo
Non hai fatto questo quiz